000 00752nam a2200253Ia 4500
003 OSt
005 20221006160906.0
006 a|||||r|||| 00| 0
007 ta
008 221006b |||||||| |||| 00| 0 eng d
020 _a9781138229846
024 _a46,737
037 _cTextual
040 _aEASL
_cEASL
_beng
041 _2eng
_aeng
082 _aY13-742:7:7, Q7
100 _aBACKHAUS Peter
_9675360
245 0 _aCare Communication
_b Making a home in a Japanese eldercare facility.
260 _aLondon
_bRoutledge Taylor & Francis Group
_c2017
300 _a187p.
_ccm.
490 _v JEL
_aRoutledge Studies in Sciolinguistics.
942 _hY13-742:7:7, Q7
_cTEXL
_2CC
999 _c1114826
_d1114826